| 000 | 00455nam a2200169 i 4500 | ||
|---|---|---|---|
| 001 | 50644 | ||
| 003 | ES-MaACL | ||
| 005 | 20250823051516.0 | ||
| 007 | t| | ||
| 008 | 030806s1969 sp ||||1| spa d | ||
| 100 | 1 |
_aCunqueiro, Álvaro, _d1911-1981 _942188 |
|
| 245 | 1 | 3 |
_aEl envés / _cAlvaro Cunqueiro. |
| 260 |
_aBarcelona : _bTáber, _c1969. |
||
| 300 |
_a358 p. ; _c19 cm. |
||
| 852 |
_aES-MaACL _jC-40086 _bR.72315 |
||
| 999 |
_c50644 _d50644 |
||